Kuruppillakkalari (Record no. 24898)

000 -LEADER
fixed length control field 00471nam a22001811a 4500
020 ## - INTERNATIONAL STANDARD BOOK NUMBER
Terms of availability 0.00
040 ## - CATALOGING SOURCE
Original cataloging agency SSUS - Library - Kalady
082 ## - DEWEY DECIMAL CLASSIFICATION NUMBER
Classification number M2
Item number RAM/K
100 ## - MAIN ENTRY--PERSONAL NAME
Personal name Raman Pillai C V
245 ## - TITLE STATEMENT
Title Kuruppillakkalari
Medium [Text]
260 ## - PUBLICATION, DISTRIBUTION, ETC.
Place of publication, distribution, etc. Kottayam
Name of publisher, distributor, etc. Sahitya Pravartaka Co-operative Society
Date of publication, distribution, etc. 1984
300 ## - PHYSICAL DESCRIPTION
Extent 142p.
600 ## - SUBJECT ADDED ENTRY--PERSONAL NAME
Personal name Literature
600 ## - SUBJECT ADDED ENTRY--PERSONAL NAME
Personal name Literature Malayalam
600 ## - SUBJECT ADDED ENTRY--PERSONAL NAME
Personal name Drama Malayalam
852 ## - LOCATION
-- 10.00
--
942 ## - ADDED ENTRY ELEMENTS (KOHA)
Koha item type Book
Holdings
Withdrawn status Lost status Damaged status Not for loan Permanent Location Current Location Date acquired Cost, normal purchase price Total Checkouts Full call number Barcode Date last seen Cost, replacement price Price effective from Koha item type
        Sree Sankaracharya University of Sanskrit Sree Sankaracharya University of Sanskrit 08.01.2015 10.00   M2 RAM/K 2756 08.01.2015 0.00 08.01.2015 Book